000 00713nam a2200289Ia 4500
005 20260324125328.0
008 008 260324s9999 xx 000 0 eng d
020 _a9780203884539
037 _aEBOOK
040 _aCRL
040 _beng
040 _cCRL
041 _2eng
041 _aeng
084 _qCRL
100 _aLibby Porter; Kate Shaw
_91177575
245 0 _aWhose Urban Renaissance?
245 3 _bAn international comparison of urban regeneration strategies
260 _bTaylor and Francis
260 _c2009
365 _a
365 _b290
856 _uhttp://www.taylorfrancis.com/books/9780203884539
942 _cEBOOK
999 _c1772716
_d1772716